000 00512nam a2200205Ia 4500
008 170918s9999 xx 000 0 und d
020 _a9780545622943
050 _bS881 2013
100 _aStone, Tanya Lee
245 _aCourage has no color :
245 _bthe true story of the triple nickles /
245 _cTanya Lee Stone.
260 _aNew York :
260 _bScholastic,
260 _c2013
300 _a147 pages :
300 _bcolored illustration ;
300 _c22cm.
500 _a1090
999 _c342327
_d342327